<?xml version="1.0" encoding="UTF-8"?>
<marc:record xmlns:marc="http://www.loc.gov/MARC21/slim">
   <marc:leader>00000nam a2200000 a 4500</marc:leader>
   <marc:datafield ind1="1" ind2=" " tag="100">
      <marc:subfield code="a">Voenix</marc:subfield>
      <marc:subfield code="4">ill</marc:subfield>
      <marc:subfield code="e">Illustrator/-in</marc:subfield>
   </marc:datafield>
   <marc:datafield ind1="0" ind2="0" tag="245">
      <marc:subfield code="a">Die Edda</marc:subfield>
   </marc:datafield>
   <marc:datafield ind1="0" ind2="0" tag="245">
      <marc:subfield code="c">Wilhelm Jordan</marc:subfield>
   </marc:datafield>
   <marc:datafield ind1=" " ind2="1" tag="264">
      <marc:subfield code="a">Engerda</marc:subfield>
      <marc:subfield code="b">Arun</marc:subfield>
   </marc:datafield>
   <marc:datafield ind1=" " ind2=" " tag="250">
      <marc:subfield code="a">3. Aufl.</marc:subfield>
   </marc:datafield>
   <marc:datafield ind1="1" ind2=" " tag="520">
      <marc:subfield code="a">Angaben aus der Verlagsmeldung

Die Edda : Die heiligen Lieder der Ahnen / von Wilhelm Jordan

Dieses Werk enthält die Verse der Edda in der Übersetzung von Wilhelm Jordan aus dem Jahre 1889.
Diese Fassung garantiert nicht nur höchstes Spracherlebnis, sondern aufgrund des tiefen Einfühlungsvermögens des Übersetzers in die Welt unserer Ahnen auch epische Tiefe.
Zusätzlich zum vollständigen Text der Edda enthält das Buch im Anhang den seltenen, oft gesuchten Text "Der epische Vers der Germanen und sein Stabreim".

Zudem ist diese Edda mit über 40 gezeichneten Vignetten des Künstlers Voenix illustriert.
</marc:subfield>
   </marc:datafield>
   <marc:datafield ind1=" " ind2=" " tag="020">
      <marc:subfield code="a">9783935581042</marc:subfield>
      <marc:subfield code="9">9783935581042</marc:subfield>
   </marc:datafield>
   <marc:datafield ind1=" " ind2=" " tag="041">
      <marc:subfield code="a">ger</marc:subfield>
   </marc:datafield>
   <marc:datafield ind1=" " ind2=" " tag="300">
      <marc:subfield code="a">557 S.</marc:subfield>
   </marc:datafield>
</marc:record>
